| Tag |
First Indicator |
Second Indicator |
Subfields |
| LEADER |
00000cam a2200000 i 4500 |
| 001 |
in00000585992 |
| 005 |
20151014081035.0 |
| 008 |
800528s1979 iluab b 00000 eng d |
| 035 |
|
|
|a (OCoLC)06364246
|
| 035 |
|
|
|9 ACP9824AM
|
| 040 |
|
|
|a AGL
|c AGL
|d m.c.
|d TXA
|d UtOrBLW
|
| 049 |
1 |
|
|a TXA2
|
| 070 |
|
|
|a TC424.I3I4
|b No.142
|
| 072 |
|
0 |
|a P200
|
| 090 |
|
|
|a HD1694
|b .A136 no. 142
|
| 245 |
0 |
0 |
|a Environmental observations of a riparian ecosystem during flood season /
|c by William J. Mitsch [and others].
|
| 264 |
|
1 |
|a Urbana, Ill. :
|b Pritzker Dept. of Environmental Engineering, Illinois Institute of Technology,
|c 1979.
|
| 300 |
|
|
|a iv, 64 pages :
|b illustrations, maps.
|
| 336 |
|
|
|a text
|b txt
|2 rdacontent
|
| 337 |
|
|
|a unmediated
|b n
|2 rdamedia
|
| 338 |
|
|
|a volume
|b nc
|2 rdacarrier
|
| 490 |
1 |
|
|a WRC research report ;
|v no. 142
|
| 504 |
|
|
|a Bibliography: page 52.
|
| 650 |
|
0 |
|a Floodplains
|z Illinois
|z Kankakee River.
|
| 651 |
|
0 |
|a Kankakee River (Ill.)
|x Floods.
|
| 650 |
|
0 |
|a Sedimentation and deposition.
|
| 700 |
1 |
|
|a Mitsch, William J.
|
| 830 |
|
0 |
|a WRC research report ;
|v no. 142.
|
| 999 |
|
|
|a MARS
|
| 999 |
f |
f |
|s 92ba66ac-7e44-3e85-a83b-002bbc0043f5
|i 20b0abed-cea2-37cf-87ab-7afa66f94ad3
|t 0
|
| 952 |
f |
f |
|a Texas A&M University
|b College Station
|c Sterling C. Evans Library
|s Evans stk
|d Evans: Library Stacks
|t 0
|e HD1694 .A136 no. 141-144
|h Library of Congress classification
|
| 998 |
f |
f |
|a HD1694 .A136 no. 141-144
|t 0
|l Evans: Library Stacks
|